LEADER 00964nam0 2200253 450 001 000027322 005 20100504103914.0 100 $a20100416d1989----km-y0itay50------ba 101 0 $aita 102 $aIT 105 $ay-------001yy 200 1 $a1987- anno europeo dell'ambiente$eoperazione Isole Pelagie$esostanza organica particellata e produzione primaria nelle acque superficiali del Canale di Sicilia$fIstituto idrografico della Marina 210 $aGenova$cIstituto idrografico della Marina$d1989 215 $a45 p.$cc. di tav.$d24 cm 410 0$12001 500 10$a1987- anno europeo dell'ambiente: operazione Isole Pelagie$958847 610 1 $aAmbiente marino 676 $a574$v20 712 02$aIstituto idrografico della Marina 801 0$aIT$bUNIPARTHENOPE$gRICA$2UNIMARC 912 $a000027322 951 $aArmadio M- III° mensola$cDISAM$d2010 996 $a1987- anno europeo dell'ambiente: operazione Isole Pelagie$958847 997 $aUNIPARTHENOPE LEADER 01138nam2-2200385---450- 001 990003402640203316 005 20111125153216.0 010 $a88-14-14788-4 035 $a000340264 035 $aUSA01000340264 035 $a(ALEPH)000340264USA01 035 $a000340264 100 $a20100521d2007----km-y0itay50------ba 101 $aita 102 $aIT 105 $a||||||||001yy 200 1 $aSeparazione e divorzio$equestioni processuali$fMaurizio Bruno 210 $aMilano$cGiuffrè$d2007 215 $aXI, 239 p.$d25 cm 225 2 $aScenari 410 0$1001000323936$12001$aScenari 606 0 $aSeparazione coniugale$2BNCF 676 $a346.450166 700 1$aBRUNO,$bMaurizio$0414773 801 0$aIT$bsalbc$gISBD 912 $a990003402640203316 951 $aXXX.A. Coll. 1/ 106$b61947 G.$cXXX.A. Coll.$d00258813 959 $aBK 969 $aGIU 979 $aIANNONE$b90$c20100521$lUSA01$h0957 979 $aIANNONE$b90$c20100521$lUSA01$h1145 979 $aCHIARA$b90$c20111125$lUSA01$h1530 979 $aCHIARA$b90$c20111125$lUSA01$h1532 996 $aSeparazione e divorzio$91072387 997 $aUNISA